|
|
|
|
| LEADER |
02032nam a2200529 i 4500 |
| 001 |
nkc20223423773 |
| 003 |
CZ PrNK |
| 005 |
20220822092912.0 |
| 007 |
ta |
| 008 |
220526s2022 xr a f 001 0 cze |
| 015 |
|
|
|a cnb003423773
|
| 020 |
|
|
|a 978-80-271-3032-0
|q (brožováno) :
|c Kč 269,00
|
| 035 |
|
|
|a (OCoLC)1335742936
|
| 040 |
|
|
|a OLA001
|b cze
|d ABA001
|e rda
|
| 041 |
0 |
|
|a cze
|b cze
|b eng
|
| 072 |
|
7 |
|a 616
|x Patologie. Klinická medicína
|2 Konspekt
|9 14
|
| 080 |
|
|
|a 616-083
|2 MRF
|
| 080 |
|
|
|a 616-071.2/.8
|2 MRF
|
| 080 |
|
|
|a 612
|2 MRF
|
| 080 |
|
|
|a (048.8)
|2 MRF
|
| 100 |
1 |
|
|a Plevová, Ilona,
|d 1972-
|7 mzk2008473035
|4 aut
|
| 245 |
1 |
0 |
|a Postupy v ošetřovatelské péči.
|n 1,
|p Základní fyzikální vyšetření sestrou, měření fyziologických funkcí /
|c Ilona Plevová, Miroslava Kachlová
|
| 246 |
3 |
0 |
|a Základní fyzikální vyšetření sestrou, měření fyziologických funkcí
|
| 250 |
|
|
|a 1. vydání
|
| 264 |
|
1 |
|a Praha :
|b Grada Publishing,
|c 2022
|
| 300 |
|
|
|a 160 stran :
|b ilustrace ;
|c 21 cm
|
| 336 |
|
|
|a text
|b txt
|2 rdacontent
|
| 337 |
|
|
|a bez média
|b n
|2 rdamedia
|
| 338 |
|
|
|a svazek
|b nc
|2 rdacarrier
|
| 490 |
1 |
|
|a Sestra
|
| 504 |
|
|
|a Obsahuje bibliografii a rejstřík
|
| 546 |
|
|
|a České a anglické resumé
|
| 650 |
0 |
7 |
|a ošetřovatelská péče
|7 ph162660
|2 czenas
|
| 650 |
0 |
7 |
|a fyzikální vyšetření
|7 ph192860
|2 czenas
|
| 650 |
0 |
7 |
|a fyziologie člověka
|7 ph120451
|2 czenas
|
| 650 |
0 |
9 |
|a nursing care
|2 eczenas
|
| 650 |
0 |
9 |
|a physical examinations (medicine)
|2 eczenas
|
| 650 |
0 |
9 |
|a human physiology
|2 eczenas
|
| 655 |
|
7 |
|a monografie
|7 fd132842
|2 czenas
|
| 655 |
|
9 |
|a monographs
|2 eczenas
|
| 700 |
1 |
|
|a Kachlová, Miroslava
|7 xx0270198
|4 aut
|
| 830 |
|
0 |
|a Sestra (Grada)
|0 s
|
| 910 |
2 |
|
|a BOA001
|b 2-1491.591,1
|
| 990 |
|
|
|a BK
|
| 995 |
|
|
|a 01
|
| 996 |
6 |
|
|b 2610911045
|c 2-1491.591,1
|l MZK
|r Sklad / do 1 hodiny
|n 0
|p p.v.
|w 001894564
|u 000010
|a 1
|e BOA001
|j MZK50
|s P
|
| 996 |
7 |
|
|b 2610912346
|c 2-1491.591,1
|l Vol.výběr
|r VV 1p
|n 6
|p kup
|h 616-08 OŠE
|w 001894564
|u 000020
|a 0
|e BOA001
|j MZK50
|s A
|